| 000 | 00453nam a2200145Ia 4500 | ||
|---|---|---|---|
| 008 | 151015s9999 xx 000 0 und d | ||
| 020 | _a9.7806311122e+014 | ||
| 050 | _aHF5549.S8832 1999 | ||
| 245 | _aSchuler,Randall S. | ||
| 250 | _a_Strategic Human Resource Management Randall S. Schuler | ||
| 300 | _aOxford Blackwell Publishers 1999 | ||
| 500 | _aIncludde index | ||
| 650 | _a_Human resource management | ||
| 700 | _a^d20130524 04:11:51^okorir | ||
| 999 |
_c4785 _d4785 |
||